Interstellar dust and related topics (Record no. 4384)

MARC details
000 -LEADER
fixed length control field 01042nam a2200265Ia 4500
003 - CONTROL NUMBER IDENTIFIER
control field IN-BaIIA
008 - FIXED-LENGTH DATA ELEMENTS--GENERAL INFORMATION
fixed length control field 211028s9999 xx 000 0 eng d
020 ## - INTERNATIONAL STANDARD BOOK NUMBER
International Standard Book Number 90-277-0396-5
040 ## - CATALOGING SOURCE
Transcribing agency IIA Library
080 ## - UNIVERSAL DECIMAL CLASSIFICATION NUMBER
Universal Decimal Classification number 082.2:52
Item number IAU-S52
110 ## - MAIN ENTRY--CORPORATE NAME
Corporate name or jurisdiction name as entry element Intenational Astronomical Union
111 ## - MAIN ENTRY--MEETING NAME
Meeting name or jurisdiction name as entry element Intenational Astronomical Union Symposium
Number of part/section/meeting 52nd
Location of meeting New York
Date of meeting or treaty signing 1972
9 (RLIN) 7679
245 #0 - TITLE STATEMENT
Title Interstellar dust and related topics
Remainder of title proceedings of the IAU symposium no.52 held in the state university of New York at Albany, New York, U.S.A., 29 May-2 June, 1972
Statement of responsibility, etc. edited by Mayo J. Greenberg and H. C. Van De Hulst
260 ## - PUBLICATION, DISTRIBUTION, ETC.
Place of publication, distribution, etc. Dordrecht
Name of publisher, distributor, etc. D. Reidel Publishing
Date of publication, distribution, etc. 1973
300 ## - PHYSICAL DESCRIPTION
Extent xvii, 584p.
490 ## - SERIES STATEMENT
Series statement IAU Symposium; no. 52
650 ## - SUBJECT ADDED ENTRY--TOPICAL TERM
Topical term or geographic name entry element Astronomy and Astrophysics Thesaurus
650 ## - SUBJECT ADDED ENTRY--TOPICAL TERM
Topical term or geographic name entry element Interstellar dust
9 (RLIN) 5398
650 ## - SUBJECT ADDED ENTRY--TOPICAL TERM
Topical term or geographic name entry element Interstellar gas
9 (RLIN) 6620
650 ## - SUBJECT ADDED ENTRY--TOPICAL TERM
Topical term or geographic name entry element Interstellar matter
9 (RLIN) 1189
700 ## - ADDED ENTRY--PERSONAL NAME
Personal name Greenberg, Mayo J., ed.
9 (RLIN) 7680
700 ## - ADDED ENTRY--PERSONAL NAME
Personal name Van De Hult, H. C., ed.
9 (RLIN) 7681
710 ## - ADDED ENTRY--CORPORATE NAME
Corporate name or jurisdiction name as entry element International Astronomical Union
942 ## - ADDED ENTRY ELEMENTS (KOHA)
Koha item type Books
Holdings
Withdrawn status Lost status Damaged status Not for loan Home library Current library Shelving location Date acquired Total Checkouts Full call number Barcode Date last seen Price effective from Koha item type Purchase Price
        IIA Library-Bangalore IIA Library-Bangalore General Stacks 25/03/1974   082.2:52/ IAU-S52 4891 05/11/2021 25/03/1974 Books Free

Powered by Koha